00542 2200217 4500001002100000005001700021008004100038035002400079040001300103082000800116084001800124090001800142100001700160245002200177260003600199300002500235440001700260650001000277990001900287990001800306INLIS00000000000004920151023093750.0  0010-101500000000004 aNPBULONB a398 aF.ROM K Kan h aF.ROM K Kan h aLucy Kancaid aHansel Dan Gretel aBogor:bAlice Saputra comm,cSN a24 hlm,; ilu.; 30 cm aDongeng anak aFiksi a7774/sum BD/05 a12654/PN/2015